[Event "III Trofeo Giorgio Porreca"]
[Site "Napoli ITA"]
[Date "2013.10.17"]
[Round "4"]
[White "Supino, Domenico"]
[Black "Soave, Vittorio"]
[WhiteElo "2083"]
[BlackElo "1467"]
[Result "1/2-1/2"]
[PlyCount "101"]
[EventDate "2013.09.26"]

1. e4 e6 2. d3 d5 3. Nd2 Nf6 4. Ngf3 c5 5. g3 Nc6 6. Bg2 Be7 7. O-O O-O 8. Re1
Bd7 9. Nf1 Be8 10. e5 Nd7 11. Bh3 Nb6 12. c3 Nd7 13. d4 cxd4 14. cxd4 Rc8 15.
Ne3 Nb6 16. b3 Bd7 17. Bd2 Nb4 18. Bf1 Qe8 19. a3 Nc6 20. Bd3 f6 21. exf6 Bxf6
22. Nf5 Qh5 23. Nd6 Rb8 24. Be2 Qg6 25. Bf4 Bxd4 26. Nxd4 Rxf4 27. Nxc6 bxc6
28. Bh5 Qg5 29. h4 Qe7 30. gxf4 Qxd6 31. Re5 Rf8 32. Qg4 Rf5 33. Qg3 Qf8 34.
Rxf5 exf5 35. b4 Nc4 36. Rd1 Qf6 37. Bf3 Qb2 38. Rxd5 cxd5 39. Bxd5+ Kf8 40.
Bxc4 Qc1+ 41. Bf1 Bb5 42. Qg2 Bxf1 43. Qxf1 Qxa3 44. Qc4 Qh3 45. Qc8+ Kf7 46.
Qd7+ Kg6 47. Qe8+ Kf6 48. Qe5+ Kg6 49. Qe8+ Kf6 50. Qf8+ Kg6 51. Qe8+ 1/2-1/2

[Event "III Trofeo Giorgio Porreca"]
[Site "Napoli ITA"]
[Date "2013.10.24"]
[Round "5"]
[White "Angelotti, Mario"]
[Black "Somma, Erminio"]
[WhiteElo "1746"]
[BlackElo "1527"]
[Result "0-1"]
[PlyCount "128"]
[EventDate "2013.09.26"]

1. e4 d5 2. exd5 Qxd5 3. Nc3 Qa5 4. h3 Bf5 5. Nf3 Nf6 6. Bc4 e6 7. d3 Bb4 8.
Bd2 c6 9. Nd4 Qe5+ 10. Nce2 Bxd2+ 11. Qxd2 Bg6 12. O-O-O Nd5 13. Rhe1 Qd6 14.
Ng3 O-O 15. h4 h6 16. Ne4 Qc7 17. g4 Nd7 18. Ng3 Qf4 19. Nxe6 Qxd2+ 20. Rxd2
fxe6 21. Rxe6 Bf7 22. Rd6 Ne5 23. Nf5 Nxc4 24. dxc4 Nb6 25. b3 Rae8 26. c5 Nd5
27. Rd7 Re1+ 28. Kb2 Be6 29. Rxg7+ Kh8 30. Rxb7 Bxf5 31. gxf5 Re7 32. Rxe7 Nxe7
33. Rd7 Nxf5 34. Rxa7 Nxh4 35. Rc7 Rf6 36. a4 Nf3 37. a5 h5 38. a6 Nd4 39. Rd7
Nb5 40. a7 Rf8 41. c4 Rxf2+ 42. Kc1 Rf1+ 43. Kd2 Nxa7 44. Rxa7 h4 45. Re7 h3
46. Re2 Rf3 47. Kc2 Kg7 48. Kb2 Kf6 49. Ka3 Kg5 50. Ka4 Kf4 51. b4 Kg3 52. Re6
h2 53. Rg6+ Kf2 54. Rh6 Kg2 55. Rxh2+ Kxh2 56. b5 cxb5+ 57. cxb5 Rc3 58. c6 Kg3
59. Ka5 Kf4 60. Kb6 Ke5 61. Kb7 Kd6 62. Kc8 Rc5 63. b6 Rxc6+ 64. Kb7 Kc5 0-1

[Event "III Trofeo Giorgio Porreca"]
[Site "Napoli ITA"]
[Date "2013.10.24"]
[Round "5"]
[White "Auletta, Angelo"]
[Black "Lettieri, Giuseppe"]
[WhiteElo "2150"]
[BlackElo "2395"]
[Result "0-1"]
[PlyCount "92"]
[EventDate "2013.09.26"]

1. e4 e5 2. Nf3 Nc6 3. Bb5 a6 4. Ba4 Nf6 5. O-O Nxe4 6. d4 b5 7. Bb3 d5 8. dxe5
Be6 9. c3 Bc5 10. Nbd2 O-O 11. Bc2 Bf5 12. Nb3 Bg6 13. Nfd4 Bxd4 14. cxd4 a5
15. a4 Nb4 16. Bb1 bxa4 17. Rxa4 Nxf2 18. Rxf2 Bxb1 19. Nc5 Bg6 20. Ra3 Qe7 21.
Rg3 Na6 22. Bg5 f6 23. exf6 gxf6 24. Bh6 Rfe8 25. Nd3 Kh8 26. Ne5 fxe5 27. Bg5
Qb4 28. Bf6+ Kg8 29. Qh5 Kf7 30. Rxg6 Qe1+ 31. Rf1 Qxf1+ 32. Kxf1 hxg6 33. Qf3
e4 34. Qf4 Re6 35. Be5+ Ke7 36. Qh4+ Kd7 37. Qh7+ Kc6 38. Qf7 Rae8 39. h4 R8e7
40. Qf8 Re8 41. Qa3 Kb5 42. g4 c5 43. h5 gxh5 44. gxh5 Nb4 45. Qh3 Nd3 46. Bg7
e3 0-1

[Event "III Trofeo Giorgio Porreca"]
[Site "Napoli ITA"]
[Date "2013.10.24"]
[Round "5"]
[White "Esposito, Pino"]
[Black "Baccelliere, Donato"]
[WhiteElo "1768"]
[BlackElo "1422"]
[Result "1-0"]
[PlyCount "55"]
[EventDate "2013.09.26"]

1. d4 e6 2. c4 d5 3. Nc3 Nf6 4. g3 c5 5. cxd5 Nxd5 6. Bg2 c4 7. e4 Nb4 8. Bf1
N8c6 9. Nf3 b5 10. a3 Qa5 11. Bd2 Nd3+ 12. Bxd3 cxd3 13. O-O Qd8 14. d5 exd5
15. exd5 Nb8 16. Re1+ Be7 17. d6 Qxd6 18. Nxb5 Qb6 19. Nfd4 Nc6 20. Nd6+ Kf8
21. Nxc8 Rxc8 22. Nf5 Bf6 23. Rc1 Bxb2 24. Bb4+ Qxb4 25. axb4 g6 26. Nd6 Bxc1
27. Qxc1 Rc7 28. Qh6+ 1-0

[Event "III Trofeo Giorgio Porreca"]
[Site "Napoli ITA"]
[Date "2013.10.24"]
[Round "5"]
[White "Gallo, Thomas Renato"]
[Black "Supino, Domenico"]
[WhiteElo "1911"]
[BlackElo "2083"]
[Result "1-0"]
[PlyCount "95"]
[EventDate "2013.09.26"]

1. d4 d5 2. Nf3 e6 3. c4 c5 4. cxd5 exd5 5. Nc3 Nc6 6. e3 Nf6 7. Bb5 a6 8.
Bxc6+ bxc6 9. Qa4 Qc7 10. b3 cxd4 11. exd4 Bd6 12. O-O O-O 13. Ba3 Bd7 14. Bxd6
Qxd6 15. Ne5 Be8 16. Qa5 Nd7 17. f4 Nxe5 18. fxe5 Qh6 19. Qc5 Bd7 20. Na4 Rae8
21. Nb6 Bg4 22. Rae1 Re6 23. Qc3 Rg6 24. Rf2 Qh5 25. Re3 Rh6 26. h3 Re8 27. Rg3
Bf5 28. Qf3 Be4 29. Qxh5 Rxh5 30. Na4 Rh4 31. Nc5 Bg6 32. Rd2 a5 33. Re3 Bf5
34. g4 Bc8 35. Kg2 h5 36. gxh5 Rxh5 37. Rf2 Rh4 38. Rd3 g6 39. Rff3 Kg7 40. Rd2
Reh8 41. Rf6 Rxh3 42. Rdf2 Rh2+ 43. Kf1 Bh3+ 44. Kg1 Rxf2 45. Kxf2 Rc8 46. Nb7
a4 47. Nd6 Rc7 48. Ne8+ 1-0

[Event "III Trofeo Giorgio Porreca"]
[Site "Napoli ITA"]
[Date "2013.10.24"]
[Round "5"]
[White "Greco, Aniello"]
[Black "Caiazzo, Diego"]
[WhiteElo "1572"]
[BlackElo "1797"]
[Result "1/2-1/2"]
[PlyCount "59"]
[EventDate "2013.09.26"]

1. e4 c5 2. Nf3 d6 3. d4 cxd4 4. Nxd4 Nf6 5. f3 a6 6. c4 e6 7. Nc3 Be7 8. Be3
O-O 9. Be2 Nc6 10. Rc1 Nxd4 11. Qxd4 Bd7 12. O-O Bc6 13. Qb6 Qxb6 14. Bxb6 Nd7
15. Be3 Rac8 16. Rfd1 Rfd8 17. b3 h6 18. Nd5 Bxd5 19. exd5 e5 20. Bd3 Bg5 21.
Bxg5 hxg5 22. Bf5 g6 23. Bxd7 Rxd7 24. Re1 Rdc7 25. Re3 b5 26. Rec3 b4 27. R3c2
Kf8 28. Kf2 Ke7 29. Ke3 f5 30. g4 1/2-1/2

[Event "III Trofeo Giorgio Porreca"]
[Site "Napoli ITA"]
[Date "2013.10.24"]
[Round "5"]
[White "Lombardo, Claudio"]
[Black "Somma, Andrea"]
[WhiteElo "1838"]
[BlackElo "1852"]
[Result "0-1"]
[PlyCount "97"]
[EventDate "2013.09.26"]

1. d4 g6 2. Nf3 Bg7 3. c4 d6 4. Nc3 Nd7 5. e4 b6 6. Be2 e6 7. O-O Ne7 8. Be3
O-O 9. Qd2 f5 10. Bh6 c5 11. Bxg7 Kxg7 12. Ng5 Nf6 13. Bf3 Rb8 14. Rad1 h6 15.
e5 dxe5 16. dxe5 Qxd2 17. exf6+ Kxf6 18. Nh7+ Kg7 19. Rxd2 Kxh7 20. Nb5 a6 21.
Nd6 e5 22. Nxc8 Rbxc8 23. Rd7 Rfe8 24. Rb7 e4 25. Be2 Rb8 26. Ra7 a5 27. Rd1
Kg8 28. Rdd7 Kf7 29. f3 e3 30. f4 Rbd8 31. Rdc7 Rd2 32. Kf1 Rxb2 33. Bf3 Kf6
34. g4 e2+ 35. Bxe2 Rxe2 36. Kxe2 Nc8+ 37. Kf3 Nxa7 38. Rxa7 fxg4+ 39. Kxg4 Re2
40. Rb7 h5+ 41. Kf3 Rxh2 42. Rxb6+ Kf5 43. Rb5 Rxa2 44. Rxc5+ Kf6 45. Rc6+ Kg7
46. Rc7+ Kh6 47. Rc6 a4 48. f5 Ra3+ 49. Kf4 {...} 0-1

[Event "III Trofeo Giorgio Porreca"]
[Site "Napoli ITA"]
[Date "2013.10.24"]
[Round "5"]
[White "Miccoli, Livio"]
[Black "Baccelliere, Antonio"]
[WhiteElo "1610"]
[BlackElo "1607"]
[Result "1-0"]
[PlyCount "49"]
[EventDate "2013.09.26"]

1. e4 e5 2. Nf3 Nc6 3. Bb5 a6 4. Bxc6 dxc6 5. d4 exd4 6. Qxd4 Qxd4 7. Nxd4 Nf6
8. Nc3 Bb4 9. O-O Bxc3 10. bxc3 c5 11. Nb3 O-O 12. Nxc5 b6 13. e5 bxc5 14. exf6
gxf6 15. Be3 c4 16. Bd4 Kg7 17. Rfe1 Bf5 18. Re3 c5 19. Bxc5 Rfc8 20. Rg3+ Bg6
21. Bd4 h6 22. f4 Kf8 23. Bxf6 Rc6 24. Be5 f6 25. Rxg6 1-0

[Event "III Trofeo Giorgio Porreca"]
[Site "Napoli ITA"]
[Date "2013.10.24"]
[Round "5"]
[White "Parise, Mariano"]
[Black "Tortorella, Eduardo"]
[WhiteElo "1641"]
[BlackElo "1475"]
[Result "1-0"]
[PlyCount "105"]
[EventDate "2013.09.26"]

1. d4 e6 2. e4 d6 3. c4 Nc6 4. Nf3 Be7 5. Nc3 Nf6 6. Bd3 a6 7. Be3 Nb4 8. Bb1
Bd7 9. a3 Nc6 10. Qd3 Ng4 11. Bd2 e5 12. d5 Na7 13. h3 Nf6 14. a4 c6 15. b4
cxd5 16. cxd5 Rc8 17. Be3 Ra8 18. b5 axb5 19. axb5 b6 20. Ra6 Qc8 21. Rxb6 O-O
22. Ba2 Qc7 23. Bc4 Rfc8 24. Nd2 Nxb5 25. Nxb5 Ra1+ 26. Ke2 Bxb5 27. Rxa1 Bxc4
28. Nxc4 Qxc4 29. Qxc4 Rxc4 30. Ra8+ Bf8 31. Rbb8 Nd7 32. Rd8 Rc7 33. Bb6 Rb7
34. Ba5 f6 35. Rac8 Kf7 36. Bc7 Ke7 37. Re8+ Kf7 38. Re6 Nc5 39. Rxf8+ Kxf8 40.
Bxd6+ Kf7 41. Bxc5 g5 42. Rc6 h5 43. f3 Rd7 44. Kd3 Kg6 45. g4 h4 46. d6 Kf7
47. Kc4 Ke6 48. Rc7 Rf7 49. Rxf7 Kxf7 50. Kd5 Ke8 51. Ke6 f5 52. exf5 e4 53.
fxe4 1-0

[Event "III Trofeo Giorgio Porreca"]
[Site "Napoli ITA"]
[Date "2013.10.24"]
[Round "5"]
[White "Pellegrino, Carlo"]
[Black "Esposito, Rosario"]
[WhiteElo "1446"]
[BlackElo "1826"]
[Result "0-1"]
[PlyCount "77"]
[EventDate "2013.09.26"]

1. d4 Nf6 2. Nf3 g6 3. Nbd2 Bg7 4. e4 d6 5. Bd3 O-O 6. O-O b6 7. c3 Bb7 8. Re1
Nbd7 9. a4 c5 10. b3 Qc7 11. Ba3 Rac8 12. Rc1 Qb8 13. Bb5 a6 14. Bd3 Rc7 15.
Rc2 Rfc8 16. Qb1 Qa8 17. Qa2 d5 18. e5 Ne4 19. c4 cxd4 20. cxd5 Rxc2 21. Bxc2
Nxd2 22. Nxd2 Bxd5 23. Be4 Nc5 24. Bxd5 Qxd5 25. Nc4 Qb7 26. b4 Nd3 27. Rd1
Nxe5 28. Nxe5 Bxe5 29. f4 Bxf4 30. Rxd4 Be3+ 31. Kf1 Bxd4 32. Qe2 Qc7 33. g3
Qc4 34. Qxc4 Rxc4 35. b5 axb5 36. axb5 Bc5 37. Bb2 Rc2 38. Be5 Rxh2 39. g4 0-1

[Event "III Trofeo Giorgio Porreca"]
[Site "Napoli ITA"]
[Date "2013.10.24"]
[Round "5"]
[White "Pellegrino, Giovanni"]
[Black "Buonanno, Raffaele"]
[WhiteElo "1416"]
[BlackElo "1455"]
[Result "0-1"]
[PlyCount "38"]
[EventDate "2013.09.26"]

1. d4 Nf6 2. Nf3 g6 3. Nbd2 Bg7 4. e4 d6 5. c3 O-O 6. Be2 Nbd7 7. O-O e5 8. b4
exd4 9. Nxd4 Re8 10. f3 c5 11. Nc2 cxb4 12. cxb4 d5 13. Bd3 dxe4 14. Be2 Qb6+
15. Kh1 exf3 16. Bxf3 Ne5 17. Rb1 Neg4 18. Nc4 Qc7 19. N2a3 Qxh2# 0-1

[Event "III Trofeo Giorgio Porreca"]
[Site "Napoli ITA"]
[Date "2013.10.24"]
[Round "5"]
[White "Radice, Mario"]
[Black "Freda, Guido"]
[WhiteElo "1911"]
[BlackElo "1416"]
[Result "1-0"]
[PlyCount "101"]
[EventDate "2013.09.26"]

1. b3 e5 2. Bb2 Nc6 3. e3 d5 4. Nf3 e4 5. Nd4 Nf6 6. Bb5 Bd7 7. O-O Bd6 8. Bxc6
bxc6 9. d3 c5 10. Ne2 exd3 11. cxd3 O-O 12. Nd2 Re8 13. Re1 Bf5 14. Nf3 Bg4 15.
Ng3 Bxg3 16. hxg3 d4 17. exd4 Rxe1+ 18. Qxe1 Bxf3 19. gxf3 cxd4 20. Qe5 Qd7 21.
Rc1 c6 22. Qxd4 Qe6 23. Qe3 Qd5 24. Bxf6 gxf6 25. Qe4 Rd8 26. Rxc6 f5 27. Qxd5
Rxd5 28. Rc3 a5 29. f4 Kg7 30. Kf1 Kh6 31. Ke2 f6 32. Ke3 Rd6 33. Rc5 Re6+ 34.
Kd2 Kg6 35. Rxa5 h5 36. b4 h4 37. gxh4 Kh5 38. a4 Kxh4 39. Rxf5 Kg4 40. Rc5
Kxf4 41. b5 Kf3 42. Rc6 Re2+ 43. Kc3 f5 44. b6 Re8 45. Rf6 Kf4 46. b7 Rb8 47.
Rf7 Ke5 48. a5 Ke6 49. Rh7 Kd6 50. a6 Kc6 51. a7 1-0

[Event "III Trofeo Giorgio Porreca"]
[Site "Napoli ITA"]
[Date "2013.10.24"]
[Round "5"]
[White "Seletsky, Grigory"]
[Black "Messina, Enrico"]
[WhiteElo "2304"]
[BlackElo "2216"]
[Result "1-0"]
[PlyCount "49"]
[EventDate "2013.09.26"]

1. e4 d6 2. d4 Nf6 3. f3 g6 4. c4 Bg7 5. Be3 O-O 6. Nc3 e5 7. d5 c6 8. Qd2 cxd5
9. cxd5 Nh5 10. O-O-O Bd7 11. Kb1 a6 12. g4 Nf4 13. h4 b5 14. Nce2 Nxe2 15.
Bxe2 a5 16. h5 f6 17. hxg6 hxg6 18. f4 exf4 19. Bxf4 Qe7 20. Bf3 Na6 21. Qh2
Rfc8 22. Bxd6 Qe8 23. e5 f5 24. e6 Bxe6 25. dxe6 1-0

[Event "III Trofeo Giorgio Porreca"]
[Site "Napoli ITA"]
[Date "2013.10.24"]
[Round "5"]
[White "Soave, Vittorio"]
[Black "Baltzopoulos, Giorgos"]
[WhiteElo "1467"]
[BlackElo "1973"]
[Result "0-1"]
[PlyCount "64"]
[EventDate "2013.09.26"]

1. d4 Nf6 2. c4 g6 3. Nc3 d5 4. e3 Bg7 5. Nf3 O-O 6. Be2 c5 7. O-O cxd4 8. exd4
Nc6 9. Re1 Be6 10. cxd5 Nxd5 11. Nxd5 Qxd5 12. Be3 Rfd8 13. Rc1 Qxa2 14. Qd2
Qa4 15. Red1 Bb3 16. Ra1 Bxd1 17. Rxa4 Bxa4 18. Bc4 Rac8 19. b3 Ne5 20. Nxe5
Bxe5 21. Qb4 b5 22. Bxb5 Bxb5 23. h3 Rxd4 24. Qe1 Rd3 25. Bxa7 Bf4 26. Be3 Rcd8
27. Bxf4 Rd1 28. Qxd1 Rxd1+ 29. Kh2 Rb1 30. Bg5 f6 31. Be3 Rxb3 32. Bc5 Kf7 0-1

[Event "III Trofeo Giorgio Porreca"]
[Site "Napoli ITA"]
[Date "2013.10.24"]
[Round "5"]
[White "Solombrino, Giovanni"]
[Black "Franzese, Luigi"]
[WhiteElo "1858"]
[BlackElo "1872"]
[Result "1/2-1/2"]
[PlyCount "57"]
[EventDate "2013.09.26"]

1. e4 e5 2. Nf3 Nc6 3. d4 exd4 4. Nxd4 Nf6 5. Nc3 Bb4 6. Nxc6 Bxc3+ 7. bxc3
bxc6 8. Bg5 h6 9. Bxf6 Qxf6 10. Qd4 Qg6 11. g3 O-O 12. Bd3 d6 13. O-O Bh3 14.
Rfe1 Rfe8 15. Bf1 Bxf1 16. Kxf1 c5 17. Qa4 Qf6 18. Qa5 Qf3 19. Kg1 Rxe4 20.
Rxe4 Qxe4 21. Qxc7 Qxc2 22. Qxd6 Qxc3 23. Rb1 a5 24. Qd5 Re8 25. Rb5 c4 26.
Rxa5 Qe1+ 27. Kg2 c3 28. Ra7 Rf8 29. Rc7 1/2-1/2

[Event "III Trofeo Giorgio Porreca"]
[Site "Napoli ITA"]
[Date "2013.10.24"]
[Round "5"]
[White "Zinnai, Graziano Matteo"]
[Black "Buiano, Fabio"]
[WhiteElo "2034"]
[BlackElo "2024"]
[Result "1-0"]
[PlyCount "155"]
[EventDate "2013.09.26"]

1. e4 d6 2. d4 Nf6 3. Bd3 e5 4. c3 d5 5. dxe5 Nxe4 6. Bxe4 dxe4 7. Qxd8+ Kxd8
8. Bf4 Bf5 9. Ne2 Nd7 10. Ng3 Bg6 11. Nd2 Nc5 12. O-O Nd3 13. Bg5+ Kc8 14.
Ndxe4 Nxb2 15. f4 h5 16. f5 h4 17. Ne2 Bh5 18. Nd4 Nd3 19. e6 f6 20. Bxh4 Be2
21. Nxe2 Rxh4 22. N2g3 b6 23. Rad1 Ne5 24. Rd4 Kb7 25. Nd6+ Bxd6 26. Rxh4 Bc5+
27. Kh1 Rd8 28. Rh7 Ng4 29. Ne4 Ne3 30. Nxc5+ bxc5 31. Rb1+ Kc6 32. Rxg7 Nxf5
33. Rf7 Rh8 34. Rxf6 Ng3+ 35. Kg1 Ne2+ 36. Kf2 Nxc3 37. Re1 Re8 38. e7+ Kd7 39.
Rf4 Nxa2 40. Ra4 Nb4 41. Rd1+ Kc6 42. Rxa7 Rxe7 43. g4 c4 44. Ra3 Nd3+ 45.
Rdxd3 cxd3 46. Rxd3 Kb5 47. Rd8 c5 48. Rc8 c4 49. g5 Kb4 50. h4 c3 51. Kf3 Kb3
52. g6 c2 53. h5 Rd7 54. h6 Rd3+ 55. Ke4 Rc3 56. Rxc3+ Kxc3 57. h7 c1=Q 58.
h8=Q+ Kb4 59. Qd4+ Ka5 60. Qd8+ Ka4 61. Qa8+ Kb4 62. Qb7+ Ka5 63. Qd5+ Ka4 64.
Qd4+ Ka5 65. g7 Qh1+ 66. Ke5 Qh5+ 67. Ke6 Qe8+ 68. Kf6 Qc6+ 69. Ke7 Qb7+ 70.
Qd7 Qe4+ 71. Kf8 Qf3+ 72. Ke8 Qh5+ 73. Kd8 Qh4+ 74. Kc8 Ka6 75. Qc6+ Ka5 76.
Qc3+ Kb6 77. Qb3+ Ka7 78. Qb7# 1-0

[Event "III Trofeo Giorgio Porreca"]
[Site "Napoli ITA"]
[Date "2013.10.31"]
[Round "6"]
[White "Buonanno, Raffaele"]
[Black "Greco, Aniello"]
[WhiteElo "1455"]
[BlackElo "1572"]
[Result "1-0"]
[PlyCount "101"]
[EventDate "2013.09.26"]

1. d4 d6 2. c4 Nf6 3. Nc3 g6 4. e4 Bg7 5. f3 O-O 6. Be3 b6 7. Bd3 a6 8. a4 c5
9. d5 e6 10. Qd2 exd5 11. cxd5 Re8 12. Bh6 Bh8 13. Nge2 Nbd7 14. O-O Ne5 15.
Bc2 Bd7 16. b3 b5 17. axb5 axb5 18. Rxa8 Qxa8 19. h3 b4 20. Na4 Qa7 21. f4 c4+
22. Kh1 cxb3 23. Bxb3 Nxe4 24. Qc2 Bf5 25. Qd1 Nd7 26. Kh2 Nf2 27. Qd2 Bd3 28.
Re1 Nc5 29. Nxc5 Qxc5 30. Rc1 Qb5 31. Ng3 Ne4 32. Nxe4 Bxe4 33. Rc4 Bc3 34.
Rxc3 bxc3 35. Qxc3 f6 36. Qxf6 Qd7 37. Ba4 Qe7 38. Qd4 Ra8 39. Bg5 Qg7 40. Qxe4
h6 41. Bh4 g5 42. fxg5 hxg5 43. Bg3 g4 44. Qe6+ Kh8 45. Bxd6 Rxa4 46. Be5 g3+
47. Bxg3 Ra2 48. d6 Rd2 49. Qe8+ Kh7 50. Qe4+ Kg8 51. Be5 1-0

[Event "III Trofeo Giorgio Porreca"]
[Site "Napoli ITA"]
[Date "2013.10.31"]
[Round "6"]
[White "Capozzoli, Silvio"]
[Black "Lombardo, Claudio"]
[WhiteElo "1744"]
[BlackElo "1838"]
[Result "1/2-1/2"]
[PlyCount "62"]
[EventDate "2013.09.26"]

1. d4 Nf6 2. c4 e6 3. Nf3 b6 4. a3 Bb7 5. e3 c5 6. Nc3 cxd4 7. exd4 Be7 8. Be2
O-O 9. O-O d5 10. b3 Nbd7 11. Re1 Rc8 12. Bf1 Ba6 13. Nb5 Bxb5 14. cxb5 Qc7 15.
Bb2 Qc2 16. Qxc2 Rxc2 17. Re2 Rfc8 18. Rxc2 Rxc2 19. Rb1 Ne8 20. Bd3 Rc8 21.
Rc1 Rxc1+ 22. Bxc1 Nd6 23. g4 f6 24. h4 e5 25. dxe5 fxe5 26. Bg5 Bf8 27. Be2
Ne4 28. Bc1 Bc5 29. Kg2 Bxf2 30. Bd3 Bd4 31. Nxd4 exd4 1/2-1/2

[Event "III Trofeo Giorgio Porreca"]
[Site "Napoli ITA"]
[Date "2013.10.31"]
[Round "6"]
[White "Esposito, Rosario"]
[Black "Angelotti, Mario"]
[WhiteElo "1826"]
[BlackElo "1746"]
[Result "1-0"]
[PlyCount "79"]
[EventDate "2013.09.26"]

1. d4 Nf6 2. c4 e6 3. Nc3 Bb4 4. f3 c6 5. e4 h6 6. e5 Nh7 7. Be3 Na6 8. Bd3 Nc7
9. Qc2 f5 10. exf6 Nxf6 11. Bg6+ Kf8 12. O-O-O d5 13. c5 Bxc3 14. Qxc3 Nb5 15.
Qd2 Bd7 16. Ne2 Ke7 17. Nc3 Qa5 18. Nxd5+ Nxd5 19. Qxa5 Nxe3 20. a4 Nxd1 21.
Rxd1 b6 22. Qe1 Nc7 23. Qe5 Ne8 24. Bxe8 Bxe8 25. Qd6+ Kf6 26. Re1 Bf7 27. Qxc6
Rac8 28. Qd6 Rhd8 29. Qf4+ Ke7 30. b4 Rd5 31. Re5 g5 32. Qe3 Rxe5 33. Qxe5 bxc5
34. bxc5 Rd8 35. c6 Rd5 36. Qc7+ Kf6 37. Qxa7 Be8 38. Qa8 Ke7 39. c7 Bd7 40.
c8=Q 1-0

[Event "III Trofeo Giorgio Porreca"]
[Site "Napoli ITA"]
[Date "2013.10.31"]
[Round "6"]
[White "Franzese, Luigi"]
[Black "Radice, Mario"]
[WhiteElo "1872"]
[BlackElo "1911"]
[Result "1-0"]
[PlyCount "125"]
[EventDate "2013.09.26"]

1. d4 b6 2. Nf3 Bb7 3. c4 e6 4. e3 Nf6 5. Nc3 Bb4 6. Bd2 O-O 7. Be2 d6 8. Qb3
Bxc3 9. Bxc3 Nbd7 10. O-O c5 11. Rfd1 Qe7 12. d5 exd5 13. cxd5 Qe4 14. Bd3 Qe7
15. e4 Nxe4 16. Re1 f5 17. Nd2 Qf7 18. Bc4 Nxc3 19. bxc3 Ne5 20. Rxe5 b5 21.
Re6 bxc4 22. Qxc4 Rad8 23. Rae1 Rfe8 24. Qb3 Bc8 25. R6e3 Rxe3 26. Rxe3 Re8 27.
c4 Kf8 28. Rxe8+ Qxe8 29. Qb8 Qd7 30. Nf3 h6 31. Nh4 g5 32. Nf3 Ke8 33. Qb2 Kf7
34. Qh8 Kg6 35. Qg8+ Qg7 36. Qe8+ Kh7 37. h4 g4 38. Qxc8 gxf3 39. Qxf5+ Kh8 40.
Qxf3 Qe5 41. Qf8+ Kh7 42. Qf7+ Kh8 43. Qxa7 Qe1+ 44. Kh2 Qxf2 45. Qb8+ Kh7 46.
Qc7+ Kh8 47. Qd8+ Kh7 48. Qe7+ Kh8 49. Qe8+ Kh7 50. Qd7+ Kh8 51. Qg4 Qxa2 52.
Qf4 Kh7 53. Qxd6 Qxc4 54. Qe7+ Kh8 55. Qe5+ Kh7 56. Qe7+ Kh8 57. Qf6+ Kh7 58.
d6 Qg4 59. Qe7+ Kh8 60. Qe5+ Kh7 61. g3 c4 62. Qe7+ Kg8 63. d7 1-0

[Event "III Trofeo Giorgio Porreca"]
[Site "Napoli ITA"]
[Date "2013.10.31"]
[Round "6"]
[White "Freda, Guido"]
[Black "Esposito, Pino"]
[WhiteElo "1416"]
[BlackElo "1768"]
[Result "0-1"]
[PlyCount "74"]
[EventDate "2013.09.26"]

1. d4 d5 2. c4 e6 3. Nf3 Nf6 4. e3 Nbd7 5. Nc3 c6 6. Qc2 Bd6 7. e4 dxe4 8. Nxe4
Nxe4 9. Qxe4 Nf6 10. Qc2 O-O 11. Bd3 Bb4+ 12. Bd2 Bxd2+ 13. Qxd2 c5 14. dxc5 e5
15. Ng5 e4 16. Nxe4 Qe7 17. f3 Nxe4 18. fxe4 f5 19. Rf1 Re8 20. O-O-O fxe4 21.
Rde1 Qxc5 22. Qe2 Bg4 23. Qxg4 exd3 24. Rd1 Rad8 25. Kd2 Qa5+ 26. Kc1 Qxa2 27.
Rxd3 Qa1+ 28. Kc2 Qxf1 29. Rxd8 Rxd8 30. Qe6+ Kh8 31. Kb3 Qd1+ 32. Kb4 Qd6+ 33.
Qxd6 Rxd6 34. c5 Rd4+ 35. Kb5 a6+ 36. Ka5 Rc4 37. b4 Kg8 0-1

[Event "III Trofeo Giorgio Porreca"]
[Site "Napoli ITA"]
[Date "2013.10.31"]
[Round "6"]
[White "Gallo, Thomas Renato"]
[Black "Miccoli, Livio"]
[WhiteElo "1911"]
[BlackElo "1610"]
[Result "1-0"]
[PlyCount "89"]
[EventDate "2013.09.26"]

1. d4 Nf6 2. c4 d6 3. Nf3 g6 4. Nc3 Bg7 5. Bf4 O-O 6. h3 c5 7. e3 Qa5 8. Qd2 a6
9. Bd3 Nc6 10. O-O Nh5 11. Bh2 cxd4 12. exd4 Nxd4 13. Nxd4 Bxd4 14. Rac1 Be6
15. Rfe1 Bf6 16. a3 Bg5 17. f4 Qb6+ 18. Kh1 Bh4 19. Re3 Rac8 20. Nd5 Qc5 21. b4
Qd4 22. Re4 Qg7 23. f5 Bxd5 24. Rxh4 Bc6 25. Re1 Qf6 26. Rg4 Bd7 27. Rf1 Qg7
28. Qe2 Nf6 29. Rgf4 e6 30. fxe6 fxe6 31. Qb2 e5 32. R4f2 Be6 33. c5 e4 34.
Bxd6 Nd7 35. Qxg7+ Kxg7 36. Bxf8+ Rxf8 37. Bxe4 Bc4 38. Rxf8 Nxf8 39. Rc1 Bb5
40. Bxb7 Ne6 41. c6 Nc7 42. Rd1 Ne6 43. Rd7+ Kh6 44. Re7 Bxc6 45. Bxc6 1-0

[Event "III Trofeo Giorgio Porreca"]
[Site "Napoli ITA"]
[Date "2013.10.31"]
[Round "6"]
[White "Lettieri, Giuseppe"]
[Black "Baltzopoulos, Giorgos"]
[WhiteElo "2395"]
[BlackElo "1973"]
[Result "1-0"]
[PlyCount "35"]
[EventDate "2013.09.26"]

1. c4 Nf6 2. g3 g6 3. Bg2 d5 4. cxd5 Nxd5 5. Nc3 Nxc3 6. bxc3 Bg7 7. Nf3 O-O 8.
O-O c5 9. Rb1 Nc6 10. Qa4 Qc7 11. Qh4 Rb8 12. d4 cxd4 13. cxd4 e5 14. d5 Ne7
15. e4 Re8 16. Ba3 h6 17. d6 Qa5 18. Bb4 1-0

[Event "III Trofeo Giorgio Porreca"]
[Site "Napoli ITA"]
[Date "2013.10.31"]
[Round "6"]
[White "Soave, Vittorio"]
[Black "Parise, Mariano"]
[WhiteElo "1467"]
[BlackElo "1641"]
[Result "1/2-1/2"]
[PlyCount "70"]
[EventDate "2013.09.26"]

1. d4 d5 2. c4 Nf6 3. Nc3 e6 4. Nf3 c6 5. Bg5 Nbd7 6. e3 Be7 7. Bd3 h6 8. Bh4
g5 9. Bg3 Nf8 10. O-O dxc4 11. Bxc4 Nd5 12. e4 Nxc3 13. bxc3 f6 14. h3 Bd6 15.
e5 Bc7 16. Re1 f5 17. Nd2 h5 18. Be2 g4 19. f4 Ng6 20. hxg4 hxg4 21. Bc4 b5 22.
Be2 Rh5 23. Kf2 Bb6 24. Nb3 Qe7 25. Rh1 Rxh1 26. Qxh1 Qg7 27. Qh5 a5 28. Bh4
Bd8 29. Bxd8 Kxd8 30. g3 Bd7 31. Rh1 Kc7 32. Qh7 Qxh7 33. Rxh7 a4 34. Nc5 Nf8
35. Rf7 Re8 1/2-1/2

[Event "III Trofeo Giorgio Porreca"]
[Site "Napoli ITA"]
[Date "2013.10.31"]
[Round "6"]
[White "Somma, Erminio"]
[Black "Baccelliere, Antonio"]
[WhiteElo "1527"]
[BlackElo "1607"]
[Result "0-1"]
[PlyCount "98"]
[EventDate "2013.09.26"]

1. d4 d5 2. Nf3 e6 3. e3 c5 4. c3 Nf6 5. Nbd2 Bd6 6. Ne5 b6 7. Bd3 Ba6 8. Qa4+
b5 9. Bxb5+ Bxb5 10. Qxb5+ Nbd7 11. O-O O-O 12. Nxd7 Qxd7 13. Qxd7 Nxd7 14. c4
cxd4 15. exd4 dxc4 16. Nxc4 Be7 17. b3 Nb6 18. Nxb6 axb6 19. a4 Bf6 20. Be3
Rfd8 21. Rad1 Rd5 22. Rd2 b5 23. axb5 Rxb5 24. Rb1 Rxb3 25. Rbd1 Rd8 26. g3 Rb5
27. h4 g5 28. hxg5 Bxg5 29. Bxg5 Rxg5 30. Kg2 Kg7 31. f4 Rgd5 32. Kf3 Kg6 33.
g4 f6 34. Ke4 e5 35. Ke3 exd4+ 36. Rxd4 Rxd4 37. Rxd4 Rxd4 38. Kxd4 h5 39.
gxh5+ Kxh5 40. Kd5 Kh6 41. Ke6 Kg6 42. f5+ Kg5 43. Kd6 Kxf5 44. Kd5 Kf4 45. Kd4
Kf3 46. Kd3 f5 47. Kd2 Kf2 48. Kd3 f4 49. Kd2 Kg2 0-1

[Event "III Trofeo Giorgio Porreca"]
[Site "Napoli ITA"]
[Date "2013.10.31"]
[Round "6"]
[White "Supino, Domenico"]
[Black "Sparice, Lorenzo"]
[WhiteElo "2083"]
[BlackElo "1483"]
[Result "1-0"]
[PlyCount "63"]
[EventDate "2013.09.26"]

1. e4 e6 2. d4 d5 3. Nc3 Nf6 4. Bg5 dxe4 5. Nxe4 Be7 6. Bxf6 gxf6 7. Nf3 c5 8.
dxc5 Bxc5 9. Qxd8+ Kxd8 10. Nxc5 Nc6 11. O-O-O+ Kc7 12. a3 a6 13. Be2 b6 14.
Ne4 f5 15. Nd6 f6 16. Nxc8 Kxc8 17. Bc4 Re8 18. Rd6 Kc7 19. Rxe6 Rxe6 20. Bxe6
Re8 21. Bxf5 h6 22. Re1 Rg8 23. g3 Rd8 24. Bd3 a5 25. Re6 Rd6 26. Rxd6 Kxd6 27.
Kd2 Ke6 28. Ke3 f5 29. Nd4+ Nxd4 30. Kxd4 Kf6 31. h4 Kg6 32. Ke5 1-0